00319 2200145 4500245004100000250001100041100001700052650001600069650001400085005001900099260001800118041001400136084001400150336000900164 aPotongan SayurancDevi KartikahText aCet. 1 aDevi Kartika aKarya Siswa aScrapbook a20250526094758 aJakartac2025 aIndonesia a081 DEV p atext